| 000 | 00732nam a22002291 4500 | ||
|---|---|---|---|
| 001 | bimo0001176020 | ||
| 003 | OSt | ||
| 005 | 20140826213008.0 | ||
| 008 | 930725s1968 sp spa | ||
| 035 | _a(OCoLC)432631799 | ||
| 040 |
_aSpMaBN _cBMC |
||
| 082 | _a860.3959 | ||
| 100 | 2 | 0 |
_aMenéndez Pidal, Ramón _d1869-1968 |
| 245 | 1 | 3 |
_aLa lengua de Cristóbal Colón _b: el estilo de Santa Teresa y otros estudios sobre el siglo XVI _cRamón Menéndez Pidal |
| 250 | _a5ª ed | ||
| 260 | 0 |
_aMadrid _bEspasa-Calpe _c1968 |
|
| 300 |
_a142 p. _c18 cm |
||
| 490 | 0 |
_aAustral _v280 |
|
| 650 |
_9180 _aLengua española _xHistoria |
||
| 600 |
_9255 _aTeresa de Jesús _cSanta _d1515-1582 _xCrítica e interpretación |
||
| 942 |
_2ddc _cBK |
||
| 999 |
_c195 _d195 |
||